Foods by country #1 - Statistics

General Stats
  • This quiz has been taken 64 times
  • The average score is 21 of 25
Answer Stats
Food Country % Correct
12) Lasagna Italy
100%
14) Sushi Japan
100%
18) Tacos Mexico
98%
2) Bangers and mashed United Kingdom
98%
13) Wontons China
96%
5) Bratwurst Germany
96%
20) Vegemite Australia
95%
6) Crepes France
95%
3) Biryani India
95%
16) Kimchi Korea
93%
15) Gyros Greece
91%
10) Paella Spain
89%
9) Poutine Canada
85%
22) Beef Stroganoff Russia
84%
11) Moules-frites Belgium
82%
7) Paczki Poland
82%
21) Kielbasa Poland
82%
4) Goulash Hungary
80%
8) Jerk Chicken Jamaica
75%
1) Borscht Ukraine
71%
19) Shawarma Turkey
67%
25) Coddle stew Ireland
58%
24) Moqueca Brazil
53%
17) Ceviche Peru
51%
23) Kottbullar Sweden
47%
No matching quizzes found
Score Distribution
Percent of People with Each Score
Percentile by Number Answered
Your Score History
You have not taken this quiz